Countries that Have Formally Declared War - Statistics

General Stats
  • This quiz has been taken 1,085 times
  • The average score is 97 of 214
Answer Stats
Declaring party % Correct
Great Britain
97%
United Kingdom
97%
United States
96%
Rome
95%
France
94%
Germany
94%
Russia
94%
Spain
94%
Japan
92%
China
91%
Parthia
91%
People's Republic of China
91%
Persia
91%
Reorganized National Government of China
91%
Republic of China
91%
Italy
90%
Egypt
89%
Ptolema
89%
Iran
88%
Israel
88%
Canada
87%
Greece
87%
Iraq
87%
Portugal
87%
Mexico
86%
Austria
85%
Austria-Hungary
85%
India
85%
Netherlands
85%
Norway
85%
Sweden
85%
Turkey
84%
Belgium
83%
Brazil
83%
Finland
83%
Poland
83%
Australia
82%
Argentina
81%
Denmark
81%
Soviet Union
81%
Ottoman Empire
80%
Republic of Korea
80%
Democratic People's Republic of Korea
79%
Hungary
79%
Peru-Bolivia
79%
Serbia
79%
Saudi Arabia
78%
Syria
78%
Viet Minh
78%
Colombia
77%
New Zealand
77%
Romania
77%
Bulgaria
76%
Chile
76%
Sudan
76%
Tripolitania
75%
Afghanistan
74%
Ethiopia
74%
Morocco
74%
South Africa
74%
Venezuela
74%
Lebanon
73%
Mongolia
73%
Peru
73%
Yemen
73%
Cuba
72%
Paraguay
72%
Jordan
71%
Oman
71%
South Sudan
71%
Transjordan
71%
Uruguay
71%
Bolivia
70%
Panama
70%
Yugoslavia
70%
Dominican Republic
69%
Hamas
69%
Albania
68%
Georgia
68%
Haiti
68%
Somalia
68%
Armenia
67%
Croatia
67%
Thailand
67%
Honduras
66%
Ecuador
65%
Eritrea
65%
Guatemala
65%
Kuwait
65%
Azerbaijan
64%
Costa Rica
64%
Czechoslovakia
64%
Macedonia
64%
Nicaragua
63%
Sparta
63%
Tunisia
63%
Carthage
62%
El Salvador
62%
Lithuania
62%
Philippines
62%
Burma
61%
Athens
60%
Chad
60%
Prussia
59%
Montenegro
58%
Slovakia
57%
England
56%
Nepal
55%
Djibouti
54%
Uganda
52%
Tanzania
49%
Bhutan
47%
Wales
47%
Mauritania
45%
Bahrain
44%
Venice
42%
San Marino
40%
Holy Roman Empire
39%
Liberia
39%
Bavaria
38%
Byzantium
38%
Two Sicilies
37%
Cameroon
36%
Sicily
36%
Naples
34%
Tibet
33%
Basotho
32%
Gin
31%
Brunei
28%
Genoa
28%
Western Sahara
28%
Sardinia
27%
Islamic State
24%
Milan
23%
Aragon
22%
Castile
22%
Tonga
22%
Rhodes
21%
Saxony
21%
Tuva
19%
Inca
18%
Siam
18%
Manchukuo
16%
Zulu
16%
Bohemia
15%
Tuscany
15%
Burgundy
13%
Orange
13%
Umayyad
13%
Al-Qaeda
12%
Zanzibar
12%
León
10%
Brandenburg
9%
Pisa
8%
Savoy
8%
Gran Colombia
7%
Iroquois
7%
Seljuk
7%
Cherokee
6%
Moscow
6%
Teutonic Order
6%
Transylvania
6%
Holstein
5%
Mecklenburg
5%
Poland-Lithuania
5%
Pomerania
5%
Ambazonia
4%
Apache
4%
Dagestan
4%
Quebec
4%
Rashidun
4%
Lübeck
3%
Pontus
3%
Rûm
3%
Zapatista
3%
Dahomey
2%
Denmark-Norway
2%
Mapuche
2%
Seleucia
2%
Uri
2%
Zürich
2%
Achaea
1%
Ashanti
1%
Carnaro
1%
Chola
1%
Ghent
1%
Lucerne
1%
Lüneburg
1%
Manipur
1%
Massachusetts
1%
Mingo
1%
Mysore
1%
Numidia
1%
Schwyz
1%
Sikh
1%
Tarentum
1%
United Provinces
1%
Unterwalden
1%
Virginia
1%
Zug
1%
Bapedi
0%
Eastern Ganga
0%
Eleutherna
0%
Fante
0%
Fox
0%
Hotak
0%
Huéscar
0%
Johor
0%
Patawomeck
0%
Sekhukhune
0%
Shawnee
0%
South Sudan Democratic Movement
0%
Wabanaki
0%
Warmia
0%
No matching quizzes found
Score Distribution
Percent of People with Each Score
Percentile by Number Answered
Your Score History
You have not taken this quiz